Similiarities and differences between plant and animal genetic resource management and conclusions for technical co-operation / (Registro nro. 4046)

Detalles MARC
000 -CABECERA
Campo de control 00870nam a2200229 4500
005 - FECHA Y HORA DE LA ULTIMA TRANSACCION
Campo de control 20160901124554.0
008 - ELEMENTOS DE LONGITUD FIJA—INFORMACION GENERAL
Campo de control 140313t2001 gw |||||r|||| 00| 0 eng d
040 ## - FUENTE DE CATALOGACIÓN
Agencia catalogadora original CO-BoIAVH
Agencia transcriptora CO-BoIAVH
041 0# - IDIOMA
Código de idioma para texto/pista de sonido o título separado Inglés
044 ## - PAÍS DE PUBLICACIÓN
País de publicación Alemania
082 04 - NUMERO DE CLASIFICACION DECIMAL DEWEY
Número de clasificación 576.5
Número del ítem A44s
100 1# - ASIENTO PRINCIPAL--NOMBRE PERSONAL
Nombre personal Almekinders, Conny
Término relacionado autor
9 (RLIN) 21312
245 10 - MENCION DE TITULO
Título Similiarities and differences between plant and animal genetic resource management and conclusions for technical co-operation /
Mención de responsabilidad Conny Almekinderrs y Ilse Köhler-Rollefson
260 ## - PUBLICACION, DISTRIBUCION, ETC. (PIE DE IMPRENTA)
Lugar de publicación, distribución, etc. Eschborn (Alemania) :
Nombre del editor, distribuidor, etc. GTZ,
Fecha de publicación, distribución, etc. 2001.
300 ## - DESCRIPCION FISICA
Extensión 18 páginas ;
Dimensiones 29 x 21 cm.
504 ## - NOTA DE BIBLIOGRAFIA, ETC.
Nota de bibliografía Incluye referencias bibliográficas.
650 24 - ASIENTO SECUNDARIO DE MATERIA - TERMINO TEMATICO
Término temático o nombre geográfico como elemento de entrada Genética vegetal
Subdivisión general administración
9 (RLIN) 71536
650 26 - ASIENTO SECUNDARIO DE MATERIA - TERMINO TEMATICO
Término temático o nombre geográfico como elemento de entrada Ordenación de recursos
9 (RLIN) 71537
650 26 - ASIENTO SECUNDARIO DE MATERIA - TERMINO TEMATICO
9 (RLIN) 71535
Término temático o nombre geográfico como elemento de entrada Genética animal
Subdivisión general administración
700 4# - ASIENTO SECUNDARIO - NOMBRE PERSONAL
Nombre personal Köhler Rollefson, Ilse
Término de relación autor
9 (RLIN) 71538
942 ## - ELEMENTOS ADICIONALES (KOHA)
Tipo de ítem Libro
Sistema de clasificación Dewey Decimal Classification
Existencias
Withdrawn status Lost status Sistema de Clasificación Damaged status No para préstamo Colección Inventariado Ubicación Permanente Ubicación actual Fecha de adquisición Fuente de Valor Valor Total Checkouts Número topográfico Inventario / Código de Barras Date last seen Ejemplar Price effective from Forma de adquisición Tipo de material
    Dewey Decimal Classification     General Inventariado 2017 Bogotá Bogotá 12/08/2004 Instituto 39000.00   LB-576.5 A44s 016423 04/12/2012 Ej. 1 04/12/2012 Donación Libro